| 000 | 01219nam a22003737a 4500 | ||
|---|---|---|---|
| 001 | BR8005109 | ||
| 003 | BR-BrBNA | ||
| 005 | 20230928090708.0 | ||
| 007 | ta | ||
| 008 | 230509b bl.||||| |||| 00| 0 por d | ||
| 040 |
_aBR-BrBNA _bpor _cBiblioteca Nacional de Agricultura |
||
| 041 | _a(Eng, Spa, Por) | ||
| 072 |
_aK10; F30; F60 _b3103 _b3140 |
||
| 090 | _ 3103 BR8005109 | ||
| 110 | 1 |
_aFundacao de Pesquisas Florestais do Parana, Curitiba (Brasil) _94874 |
|
| 111 | 1 |
_a1. Encontro da IUFRO _cCuritiba, PR (Brazil) _d21 Oct 1979 |
|
| 245 | 1 | _aProblemas florestais do genero Araucaria [silvicultura, melhoramento genetico vegetal, ecologia florestal, doenca de planta, Pinheiro-do-Parana] | |
| 260 | 3 |
_aCuritiba, PR (Brasil): _c1980. |
|
| 300 | _a382 p. | ||
| 650 | _aPRODUCAO FLORESTAL | ||
| 650 | _aSILVICULTURA | ||
| 650 | _aMELHORAMENTO GENETICO VEGETAL | ||
| 650 | _aNUTRICAO VEGETAL | ||
| 650 | _aARAUCARIA | ||
| 650 | _aPINHEIRO-DO-PARANA | ||
| 650 | _aECOLOGIA FLORESTAL | ||
| 650 | _aDOENCA DE PLANTA | ||
| 650 | _aPRAGA DE PLANTA | ||
| 650 | _aINDUSTRIA FLORESTAL | ||
| 650 | _aMADEIRA | ||
| 650 | _aADMINISTRACAO FLORESTAL | ||
| 909 |
_a202309 _bLucia _c55 _dLucia Elande |
||
| 942 | _cBK | ||
| 999 |
_c30068 _d30068 |
||